Statistics for Things That Are Dead

Click here to take the quiz!

General Stats

  • This quiz has been taken 365 times
  • The average score is 13 of 21

Answer Stats

HintAnswer% Correct
A salt lake bordered by Jordan to the east and Israel and the West Bank to the westDead {Sea}
94%
Hit zombie TV show{The} {Walking} Dead
93%
Lust, Envy, Gluttony...{Seven} Deadly {Sins}
85%
A date or time before which something must be doneDead{line}
83%
Sanskrit, Latin and Sumerian for exampleDead {Language}
80%
A person on life support who is unconscious and not able to breathe without support{Brain} Dead
75%
Another word for a zombie{Un}dead
75%
1989 Robin Williams film where a teacher uses poetry to inspire his studentsDead {Poets} {Society}
71%
Options for a wildwest bounty hunterDead {or} {Alive}
70%
A person who doesn't take care of their childrenDead{beat}
69%
DOA in regards to the medical fieldDead {On} {Arrival}
67%
A lock that works by turning a knob or key without action of a springDead{bolt}
59%
Jerry Garcia band{Grateful} Dead
56%
Classic Zombie Film of 1968{Night} {of} {The} {Living} Dead
56%
A tie scoreDead{lock}
53%
Ancient Jewish religious manuscripts found in the West BankDead {Sea} {Scrolls}
49%
A super fan of Jerry GarciaDead{head}
48%
German philosopher Friedrich Nietzsche's famous quote{God} {is} Dead
34%
Ancient Egyptian funerary text generally written on papyrus{Book} {of} {the} Dead
25%
Slang for moneyDead {Presidents}
18%
The process of calculating one's position, especially at seaDead {Reckoning}
13%

Score Distribution

Percentile by Number Answered

Percent of People with Each Score

Your Score History

You have not taken this quiz